Quizzes
Events
Quiz Creation
Community
Videos
Private Events
Remove Ads
Sign In
Join for FREE
Feedback
Dark Mode
Quiz Categories
Sports
Geography
Music
Movies
Television
Just For Fun
Miscellaneous
History
Literature
Language
Science
Gaming
Entertainment
Religion
Holiday
For Kids
Quiz Lab
Recent
Popular Today
Quiz Kudos Today
Editor Picks
Curator Picks
Quizzes by...
Day
Popularity
Type
Ratings
Length
Year
Community
Subscriptions
Recent Discussions
Orange Saloon
Badges
Playlists
Quests
Create
Leaderboards
Showdown
Live 5
Trivia Bingo
Activity
Puzzle Library
Sporcle Events
Private Events
Virtual Trivia
Globe League
Become a Host
Pub Owners
SporcleCon
Opinionation
Our Games
Videos
Blog
Mobile Apps
Partnerships
Remove Ads and Go Orange
Feedback
Geography
Country
Landmarks
City
State
Population
World
Capital
Continent
Flags
Europe
Africa
Asia
South America
North America
Oceania
Border
Canada
United Kingdom
Topography
United States
Geography
Country
Landmarks
City
State
Population
World
Capital
Continent
Flags
Europe
Africa
Asia
South America
North America
Oceania
Border
Canada
United Kingdom
Topography
United States
Random Quiz
Search Sporcle
×
Quiz Lab
Quiz Lab
Geography
costa
Type in answers that appear in a list
Type in answers that appear in a list
Classic
Best Score? Go Orange.
Provinces of Costa Rica Stats
Can you name the Provinces of Costa Rica?
By
AttorneyKearney
60s
7 Questions
379 Plays
379 Plays
379 Plays
Comments
Comments
Give Quiz Kudos
Give Quiz Kudos
-
- Ratings
hide this ad
Replay
Link that replays current quiz
Next Quiz
Link to next quiz in quiz playlist
You Got
0%
They Got
Avg Score
75%
Avg Friend Score
Upgrade to see
Score Distribution
Jump to the score distribution portion of the page
Score
0/7
Timer
01:00
0
Plays Today
% Correct
San Jose
95.8%
Limon
79.4%
Guanacaste
75.5%
Heredia
72%
Alajuela
70.4%
Puntarenas
67.8%
Cartago
64.9%
Quiz Playlist
Details
Report
Send in Message
Add To Playlist
Classic:
Type in answers that appear in a list
Last Updated: Jul 31, 2017
Quiz Scoreboard
CHALLENGE
Sign Up to Join the Scoreboard
Show All
Scores
Hide
Comments
May contain spoilers
Recently Published
TV Characters by Other Roles V
by ghcgh
Television
5m
Decade Duel: World Leaders
by jenniferyan
History
4m
Alphabetical 'K' Countries by Flag Minefield
by ylime102
Geography
3m
More to Explore
Quiz From the Vault
Featured Blog Post
15 Basketball Trivia Facts You Can Be March Mad About
hide this ad
You Might Also Like...
Tags
costa
Costa Rica
Province
rica
Today's Top Quizzes in Geography
Browse Geography
hide this ad
Today's Top Quizzes in costa
Browse costa
Top Contributed Quizzes in Geography
1
Countries of the World - No Outlines Minefield
2
Least Populated Answer: 'G' Countries
3
Pick 6: Mountains
4
'A' Capitals Crossword
5
Countries of the World: 1800
6
Alphabetical 'L' Countries By Flag Minefield
7
Lietuvos savivaldybės (Lithuanian Municipalities)
8
Pick 6: National Parks
9
Pick 6: US States
10
Alphabetical 'M' Countries By Flag Minefield
Explore More
Trending Topics
Harry Potter
Disney
Crossword
Marvel
Anime
NBA
Kpop
Country
NFL
WWE
The Office
Puzzle
Pokémon
Soccer
Song
hide this ad
More By:
AttorneyKearney
Quiz
Plays
Rating
Category
Featured
Created
Provinces of Costa Rica
379
4.80
Geography
Dec 5, 2009
Tropical fruits from Costa Rica
261
3.50
Miscellaneous
Dec 7, 2009
Cereals
207
1.44
Just For Fun
Dec 16, 2009
Cantones CostaRica,Counties in CostaRica
54
5.00
Geography
Dec 6, 2009
Rivers of Costa Rica, Rios de Costa Rica
50
5.00
Geography
Dec 12, 2009
Go to Creator's Profile
Score Distribution
Quiz Creator Spotlight
AttorneyKearney
Follow
Send a Message
Quizzes Created
-
Created Quiz Play Count
-
More By This Creator
Popular Quizzes Today
1
Countries of Asia Without Outlines Minefield
2
Find the US States - No Outlines Minefield
3
Pick 6: Fruits
4
The Countries of the World
5
Find the Countries of Europe - No Outlines Minefield
6
Alphabetical 'K' Countries by Flag Minefield
7
US States
8
Find the US States
More Geography Quizzes
US States Dimensionally
Editor's Pick
Trending Quizzes
Pick 6: Mountains
Pick 6: Harry Potter
Pick 6: NFL Teams
Pick 6: Flags
C Names for Actors
Recently Updated
Adaptations: Name the Title
pecheneg
NWSL Teams
pecheneg
Women's Final Four Teams by Year
bhenderson79
Presidents Quartet II
eogle
Anything But Clue(do)
eogle
Anything But Oceanian Capitals
eogle
Anything But 7
eogle
Anything But Thing
eogle
Word Ladder: February 29
pecheneg
Song Title Questions
pecheneg
Trending Topics
Anime
Kpop
Marvel
NBA
Disney
Harry Potter
Crossword
Song
The Office
Soccer
Pokémon
WWE
Country
NFL
Puzzle
Your Account Isn't Verified!
In order to create a playlist on Sporcle, you need to verify the email address you used during registration. Go to your
Sporcle Settings
to finish the process.
Report this User
Report this user for behavior that violates our
Community Guidelines
.
Details:
Send Report
Go to the Sporcle.com Mobile Site →
Comments